Internal Adjustment Theory <A> Contribution to the Theory of Choice Under Uncertainty

Saved in:
Bibliographic Details
Main Author: Gans, Joshua
Format: Book
Language:English
Published: Brisbane University 1990
Edition:1. ed.
Series:Discussion Paper No.39
Tags: Add Tag
No Tags, Be the first to tag this record!

MARC

LEADER 00000nam a2200000 4500
001 c021970
005 20221215113956.5
041 0 |a eng 
044 |a AU 
245 1 0 |a Internal Adjustment Theory  |b <A> Contribution to the Theory of Choice Under Uncertainty  |c Joshua Gans 
250 |a 1. ed. 
264 1 |a Brisbane  |b University  |c 1990 
300 |a 18 s. 
490 1 |a Discussion Paper  |v No.39 
830 0 |a Discussion Paper  |v No.39 
100 1 |a Gans, Joshua